Sports Quiz

Random Sports or Basketball Quiz

Ranking American (USA) NBA Team Market Sizes Quiz Stats

 Plays Quiz not verified by Sporcle

Challenge
Share
Tweet
Embed
Score 0/30 Timer 08:00
0 Plays Today
Number Range of TV Homes NBA Franchise % Correct
3 million+ TV homesNew York Knicks
98.3%
3 million+ TV homesBrooklyn Nets
76.8%
3 million+ TV homesLos Angeles Lakers
75.9%
3 million+ TV homesLos Angeles Clippers
70.9%
3 million+ TV homesChicago Bulls
67.1%
3 million+ TV homesPhiladelphia Sixers
56.1%
1.5 to 3 million TV homesDallas Mavericks
51.9%
1.5 to 3 million TV homesBoston Celtics
49.4%
3 million+ TV homes (Canadian Team)Toronto Raptors
45.6%
1.5 to 3 million TV homesGolden State Warriors
44.3%
1.5 to 3 million TV homesHouston Rockets
40.5%
1.5 to 3 million TV homesAtlanta Hawks
38.8%
1.5 to 3 million TV homesWashington Wizards
38%
1.5 to 3 million TV homesMiami Heat
37.1%
1.5 to 3 million TV homesPhoenix Suns
35%
Number Range of TV Homes NBA Franchise % Correct
1.5 to 3 million TV homesDetroit Pistons
33.3%
1.5 to 3 million TV homesDenver Nuggets
31.2%
0 to 1.5 million TV homesSan Antonio Spurs
30.4%
0 to 1.5 million TV homesOrlando Magic
30%
0 to 1.5 million TV homesUtah Jazz
30%
0 to 1.5 million TV homesMemphis Grizzlies
30%
0 to 1.5 million TV homesNew Orleans Hornets
30%
1.5 to 3 million TV homesMinnesota Timberwolves
29.5%
1.5 to 3 million TV homesCleveland Cavaliers
29.5%
0 to 1.5 million TV homesOklahoma City Thunder
28.3%
0 to 1.5 million TV homesSacramento Kings
27.4%
0 to 1.5 million TV homesPortland Trail Blazers
26.2%
0 to 1.5 million TV homesMilwaukee Bucks
26.2%
0 to 1.5 million TV homesCharlotte Bobcats
25.7%
0 to 1.5 million TV homesIndiana Pacers
24.9%

You're not logged in!

Compare scores with friends on all Sporcle quizzes.
OR
Log In

You Might Also Like...

Show Comments

Extras

Top Quizzes Today


Score Distribution

Your Account Isn't Verified!

In order to create a playlist on Sporcle, you need to verify the email address you used during registration. Go to your Sporcle Settings to finish the process.

Report this User

Report this user for behavior that violates our Community Guidelines.

Details: